| 000 | 00793nam a2200193 a 4500 | ||
|---|---|---|---|
| 001 | 000470988 | ||
| 003 | AM-YeHGA | ||
| 005 | 20250617163310.0 | ||
| 008 | 060117s1933 ||||||||||||||||||||rus d | ||
| 040 | _aAM-YeHGA | ||
| 041 | 0 | _arus | |
| 245 | 0 | 0 |
_aАнтирелигиозный учебник / _cЦентральный совет Союза воинствующих безбожников в СССР ; Под ред. А.Т. Лукачевского. |
| 260 |
_aМосква : _bГАИЗ, _c1933. |
||
| 300 | _a352 с. | ||
| 650 | 1 | 4 | _aАнтирелигиозная пропаганда |
| 700 | 1 |
_aЛукачевский, А.Т. _eред. _4edt |
|
| 710 | 2 | _aЦентральный совет Союза воинствующих безбожников в СССР | |
| 090 | _c507964 | ||
| 999 |
_c504546 _d504546 |
||